000 01005nam a2200265Ia 4500
003 OSt
005 20221002050011.0
006 a|||||r|||| 00| 0
007 ta
008 220930b |||||||| |||| 00| 0 hin d
020 _a9788179757505 (hbk)
_cINR 20000.00
024 _a36569
037 _b2414, 14/03/2018, Kiran Book Service
_cReference Collections
040 _aCRL
_cCRL
_bhin
041 _2hin
_ahin
082 _aO152,1I83,11, Q8.1-.9(RR)
100 _aशुक्ल, उमाशंकर, संपा.
245 0 _aसूरसागर
260 _aनई
_bदिल्ली अनामिका पब्लिशर्स
_c2018
490 _vभाग 1
650 _a हिन्दी साहित्य
650 _aहिन्दी कविता
942 _hO152,1I83,11, Q8.1-.9(RR)
_cref
_2CC
999 _c913572
_d913572